000 01038nas a2200349 4500
001 BR2011004688
003 BR-BrBNA
005 20231205115536.0
007 ta
008 230509b bl.|||p| |||| 00| 00por d
040 _aBR-BrBNA
_bpor
_cBiblioteca Nacional de Agricultura
041 _a(Pt)
072 _aL73
100 1 _aPessoa, C.R.M.
100 1 _aMedeiros, R.M.T.
100 1 _aPessôa, A.F.A.
100 1 _aAraújo, J.A. de
100 1 _aDantas, A.F.M.
100 1 _aSilva-Castro, M.M.
100 1 _aCorrea, F.R.
245 1 _aDiarreia em caprinos associada ao consumo de Arrabidaea corallina (Bignomiaceae)
650 _aCAPRINO
650 _aDIARREIA
650 _aTIMBAUBA
650 _aENTEROLOBIUM CONTORTISILIQUUM
650 _aINTOXICAÇÃO
650 _aPLANTA TÓXICA
650 _aAPARELHO DIGESTIVO
773 0 _tPesquisa Veterinária Brasileira (Brazil)
_xISSN 0100-736X
_g(Jul 2010), v. 30(7) p. 547-550
_wBR2011004688
909 _a202311
_bLúcia
_c55
_dLúcia Elande
942 _2AGRIS
_n0
_cANA
999 _c214343
_d214343